[Event "1er Open d'Espalion"]
[Site "Espalion (12)"]
[Date "2016.07.11"]
[Round "3.11"]
[White "Brison, Lucas"]
[Black "Moulie, Patrick"]
[Result "1-0"]
[WhiteElo "1856"]
[BlackElo "1611"]
[PlyCount "63"]
[EventDate "2016.??.??"]

1. c4 Nf6 2. g3 c6 3. Bg2 g6 4. Nf3 Bg7 5. O-O O-O 6. Nc3 d6 7. d4 Bd7 8. b3
Qc8 9. Bb2 Bh3 10. Qd2 Bxg2 11. Kxg2 Nbd7 12. d5 Nc5 13. Qc2 h6 14. Rac1 e5 15.
dxe6 Nxe6 16. Rfd1 Qc7 17. Ne4 Nxe4 18. Bxg7 Nxg7 19. Qxe4 Rae8 20. Qf4 Rd8 21.
Qxh6 Nf5 22. Qf4 Kg7 23. e4 Nh6 24. c5 Qe7 25. cxd6 Qe6 26. Ng5 Qg4 27. Qxg4
Nxg4 28. h3 Ne5 29. f4 Nd7 30. e5 Rfe8 31. Re1 Nc5 32. Rxc5 1-0

[Event "1er Open d'Espalion"]
[Site "Espalion (12)"]
[Date "2016.07.11"]
[Round "3.12"]
[White "Rollot, Florence"]
[Black "Dubertrand, Bernard"]
[Result "1-0"]
[WhiteElo "1845"]
[BlackElo "1583"]
[PlyCount "113"]
[EventDate "2016.??.??"]

1. Nf3 d5 2. c4 dxc4 3. Na3 Qd5 4. Qa4+ Bd7 5. Qxc4 Qxc4 6. Nxc4 Nc6 7. g3 Be6
8. Ne3 Nh6 9. Bg2 Nf5 10. d3 g6 11. Nxf5 Bxf5 12. Bf4 Rc8 13. O-O Bg7 14. Rab1
O-O 15. Rfc1 e5 16. Be3 Nd4 17. Nxd4 exd4 18. Bf4 c6 19. Rc4 Rfd8 20. Rbc1 Re8
21. Bf3 h6 22. Ra4 g5 23. Ra5 Bg6 24. Bd6 Red8 25. Ba3 a6 26. Rc4 f5 27. h3 Rd7
28. Bc5 Be5 29. Bb6 Bc7 30. Bxc7 Rcxc7 31. Re5 Kf7 32. a4 Kf6 33. Rec5 Rd6 34.
a5 Re7 35. Rb4 h5 36. g4 hxg4 37. hxg4 f4 38. Rcc4 Ke5 39. Rb6 Rc7 40. Kg2 Kf6
41. Rc1 Re6 42. Rb4 Rd6 43. Rbc4 Rc8 44. Rh1 Rd7 45. Rh6 Kg7 46. Rh2 Kf6 47.
Rc5 Rd6 48. Be4 Kg7 49. Rxg5 Re8 50. Kf3 Rf6 51. Rhh5 Ref8 52. Bxg6 Rxg6 53.
Rf5 Rgf6 54. Rxf6 Rxf6 55. Rf5 Rh6 56. Rxf4 Rh1 57. Rxd4 1-0

[Event "1er Open d'Espalion"]
[Site "Espalion (12)"]
[Date "2016.07.11"]
[Round "3.13"]
[White "Dutertre, Jean-Michel"]
[Black "Alnakshbandi, Raed"]
[Result "0-1"]
[WhiteElo "1583"]
[BlackElo "1824"]
[PlyCount "73"]
[EventDate "2016.??.??"]

1. d4 d5 2. Nf3 e6 3. g3 f5 4. Bg2 Nf6 5. c3 Bd6 6. Bg5 O-O 7. Qc1 Nbd7 8. O-O
Qe8 9. c4 c6 10. c5 Bb8 11. Nc3 e5 12. dxe5 Nxe5 13. Bf4 Ne4 14. Be3 Nd7 15.
Na4 Ne5 16. Bd4 Nxf3+ 17. exf3 Nf6 18. Re1 Qf7 19. Qc3 f4 20. g4 Nxg4 21. fxg4
Bxg4 22. f3 Bf5 23. Re2 Bc7 24. Rae1 Bd8 25. Qd2 Bh4 26. Rd1 Qg6 27. Kh1 Qh6
28. Bf1 Rae8 29. Rg2 Re7 30. Bd3 Bh3 31. Re2 Qh5 32. Rf2 Rfe8 33. Rg1 Bxf2 34.
Qxf2 Re1 35. Bxh7+ Kxh7 36. Qc2+ g6 37. Nc3 0-1

[Event "1er Open d'Espalion"]
[Site "Espalion (12)"]
[Date "2016.07.11"]
[Round "3.14"]
[White "Flaujac, Benoit"]
[Black "Marie, Olivier"]
[Result "1/2-1/2"]
[WhiteElo "1809"]
[BlackElo "1560"]
[PlyCount "76"]
[EventDate "2016.??.??"]

1. e4 e5 2. Nf3 d5 3. d4 dxe4 4. Nxe5 Bd6 5. f4 exf3 6. Nxf3 Nf6 7. Bc4 Nc6 8.
O-O O-O 9. Bg5 Be7 10. c3 Nd5 11. Bxe7 Ncxe7 12. Qd2 Bf5 13. Na3 c6 14. Rae1
Bg6 15. Nc2 Rc8 16. Ne5 Rc7 17. Rf3 Nb6 18. Bd3 Bxd3 19. Qxd3 Ng6 20. Rh3 Re7
21. Ree3 Nd5 22. Nxg6 fxg6 23. Rxe7 Qxe7 24. Rf3 b5 25. Rxf8+ Kxf8 26. Qf3+ Kg8
27. Kf2 Qf7 28. Qxf7+ Kxf7 29. Kf3 Ke6 30. Ne3 Nb6 31. b3 a5 32. Ke4 Nc8 33.
d5+ cxd5+ 34. Nxd5 Kd6 35. a3 Na7 36. c4 bxc4 37. bxc4 Nc6 38. Kd3 Kc5 1/2-1/2

[Event "1er Open d'Espalion"]
[Site "Espalion (12)"]
[Date "2016.07.11"]
[Round "3.15"]
[White "Lemaire, Frederic"]
[Black "Carno, Matthias"]
[Result "0-1"]
[WhiteElo "1468"]
[BlackElo "1792"]
[PlyCount "40"]
[EventDate "2016.??.??"]

1. e4 e5 2. Nf3 Nc6 3. d4 exd4 4. Nxd4 d6 5. Be3 g6 6. Be2 Bg7 7. O-O Nf6 8.
Nc3 O-O 9. Qd2 Re8 10. f3 d5 11. exd5 Nxd5 12. Nxd5 Qxd5 13. c4 Qe5 14. Nc2 Bf5
15. f4 Qe7 16. Rf3 Rad8 17. Qc1 Bxc2 18. Qxc2 Bd4 19. Re1 Bxe3+ 20. Rxe3 Qxe3+
0-1

[Event "1er Open d'Espalion"]
[Site "Espalion (12)"]
[Date "2016.07.11"]
[Round "3.16"]
[White "Griggio, Jean-Paul"]
[Black "Gaubert, Cedric"]
[Result "0-1"]
[WhiteElo "1736"]
[BlackElo "1518"]
[PlyCount "142"]
[EventDate "2016.??.??"]

1. d4 d5 2. Nf3 Nf6 3. c4 c6 4. h3 dxc4 5. a4 Bf5 6. e3 e6 7. Bxc4 Nbd7 8. O-O
Nb6 9. Be2 h6 10. Nbd2 Be7 11. Nc4 Nxc4 12. Bxc4 O-O 13. a5 b6 14. a6 c5 15.
Qe2 Rc8 16. Bd2 Bh7 17. Rfc1 Ne4 18. Be1 Nd6 19. dxc5 Rxc5 20. Bb4 Rxc4 21.
Rxc4 Nxc4 22. Bxe7 Bd3 23. Nd4 Bxe2 24. Bxd8 Rxd8 25. Nxe2 Nxb2 26. Nd4 Rd7 27.
Kf1 Nd3 28. Ke2 Nc5 29. Ra3 Kf8 30. f3 Ke7 31. Nb5 e5 32. e4 Ke6 33. Ke3 f5 34.
exf5+ Kxf5 35. g3 h5 36. g4+ hxg4 37. hxg4+ Kg5 38. Ra2 Re7 39. Nd6 e4 40. Nc8
Rc7 41. Nxb6 exf3 42. Kxf3 Rf7+ 43. Ke3 Nxa6 44. Nc8 Nb4 45. Rxa7 Rxa7 46. Nxa7
Kxg4 47. Nb5 g5 48. Ke4 Nc6 49. Nc3 Kh3 50. Nd5 g4 51. Nf4+ Kg3 52. Ne2+ Kh4
53. Kf4 Nb4 54. Ke4 Nc2 55. Kf4 Ne1 56. Ke3 Ng2+ 57. Kf2 Kh3 58. Ng1+ Kh2 59.
Ne2 Nh4 60. Ng3 Ng6 61. Nf1+ Kh3 62. Ne3 g3+ 63. Kg1 Nf4 64. Kf1 Kh2 65. Ng4+
Kh1 66. Nf2+ Kh2 67. Ng4+ Kh3 68. Nf2+ Kh4 69. Nd1 Kg4 70. Nf2+ Kf3 71. Nd1 g2+
0-1

[Event "1er Open d'Espalion"]
[Site "Espalion (12)"]
[Date "2016.07.11"]
[Round "3.17"]
[White "Mourgues, Joelle"]
[Black "Haverlan, Jules"]
[Result "0-1"]
[WhiteElo "1717"]
[BlackElo "1457"]
[PlyCount "104"]
[EventDate "2016.??.??"]

1. Nf3 Nf6 2. g3 g6 3. d3 Bg7 4. Bg2 d5 5. O-O c6 6. c3 O-O 7. Nbd2 Re8 8. Qc2
Bg4 9. Re1 Nbd7 10. e4 dxe4 11. dxe4 e6 12. Nc4 Bxf3 13. Bxf3 Nb6 14. Ne3 Qc7
15. a4 Rad8 16. a5 Nbd7 17. Nc4 Nc5 18. Be3 b6 19. axb6 axb6 20. b4 Ncd7 21.
Red1 c5 22. Nd6 Rf8 23. bxc5 bxc5 24. Bg2 Ne5 25. Nb5 Qc6 26. c4 Nfg4 27. Na7
Nxe3 28. fxe3 Rxd1+ 29. Rxd1 Qb6 30. Nb5 Rd8 31. Rb1 Qa5 32. Qe2 Qd2 33. Bf1
Bh6 34. Rb2 Qxe2 35. Bxe2 Bxe3+ 36. Kf1 Ra8 37. Kg2 Ra1 38. Nc7 Rg1+ 39. Kh3
Rc1 40. Rb8+ Kg7 41. Ne8+ Kh6 42. Nf6 Kg7 43. Ne8+ Kh6 44. Nf6 Bg5 45. Ng4+
Nxg4 46. Kxg4 f5+ 47. exf5 gxf5+ 48. Kf3 Rc3+ 49. Kg2 Rc2 50. Kf3 Rc3+ 51. Kg2
Kg6 52. h4 Bc1 0-1

[Event "1er Open d'Espalion"]
[Site "Espalion (12)"]
[Date "2016.07.11"]
[Round "3.18"]
[White "Fabre, Jean-Michel"]
[Black "Malart, Jacques"]
[Result "0-1"]
[WhiteElo "1328"]
[BlackElo "1687"]
[PlyCount "22"]
[EventDate "2016.??.??"]

1. d4 d5 2. c4 c6 3. Nc3 Nf6 4. Nf3 Bf5 5. Qb3 Qb6 6. Qd1 Na6 7. e3 Nb4 8. c5
Qc7 9. Bd2 Nc2+ 10. Ke2 Qa5 11. Rc1 Qa6+ 0-1

[Event "1er Open d'Espalion"]
[Site "Espalion (12)"]
[Date "2016.07.11"]
[Round "3.19"]
[White "Verat-Fayolle, Celian"]
[Black "Ausseil-Bordignon, Aurelien"]
[Result "1-0"]
[WhiteElo "1680"]
[BlackElo "1009"]
[PlyCount "41"]
[EventDate "2016.??.??"]

1. e4 d5 2. exd5 Qxd5 3. Nc3 Qe5+ 4. Be2 Nc6 5. Nf3 Qf6 6. O-O Nd4 7. Nxd4 Qxd4
8. Bf3 c6 9. d3 e5 10. Re1 Bd6 11. Ne4 Bb4 12. c3 Bxc3 13. bxc3 Qb6 14. d4 f6
15. dxe5 fxe5 16. Nd6+ Ke7 17. Qe2 Kxd6 18. Qxe5+ Kd7 19. Bg4+ Kd8 20. Bg5+ Nf6
21. Qe7# 1-0

[Event "1er Open d'Espalion"]
[Site "Espalion (12)"]
[Date "2016.07.11"]
[Round "3.20"]
[White "Caudrelier, Pierre"]
[Black "Brochet, Thierry"]
[Result "1-0"]
[WhiteElo "1618"]
[BlackElo "1582"]
[PlyCount "91"]
[EventDate "2016.??.??"]

1. e4 c5 2. Nc3 Nc6 3. g3 d6 4. Bg2 Nf6 5. d3 g6 6. h3 Bg7 7. Be3 Bd7 8. Qd2
Qc7 9. Bh6 O-O 10. h4 Nd4 11. Bxg7 Kxg7 12. Nf3 h5 13. O-O Nxf3+ 14. Bxf3 e5
15. Nd1 b5 16. Ne3 a5 17. c3 b4 18. d4 bxc3 19. bxc3 Rab8 20. Rfb1 cxd4 21.
cxd4 Rxb1+ 22. Rxb1 Rb8 23. Rc1 Qb6 24. dxe5 dxe5 25. Nc4 Qd4 26. Qxa5 Nxe4 27.
Qxe5+ Qxe5 28. Nxe5 Bf5 29. Rc7 Rb1+ 30. Kg2 Nd6 31. a4 Kf6 32. Nd7+ Ke7 33.
Nc5+ Kd8 34. Ra7 Rb8 35. Nb7+ Nxb7 36. Rxb7 Rxb7 37. Bxb7 Bd7 38. a5 Kc7 39. a6
Bb5 40. Kf3 Kb6 41. Kf4 Bc4 42. Ke5 Bd3 43. Bd5 Kxa6 44. Bxf7 Kb6 45. Kf6 Kc5
46. Bxg6 1-0

[Event "1er Open d'Espalion"]
[Site "Espalion (12)"]
[Date "2016.07.11"]
[Round "3.21"]
[White "Bois, Samuel"]
[Black "Rollot, Nathalie"]
[Result "1-0"]
[WhiteElo "1438"]
[BlackElo "1344"]
[PlyCount "77"]
[EventDate "2016.??.??"]

1. c4 e5 2. g3 Nc6 3. Bg2 Nf6 4. Nc3 Bc5 5. e3 O-O 6. Nge2 Re8 7. O-O a6 8. a3
d6 9. Re1 Bf5 10. b4 Ba7 11. d4 exd4 12. exd4 Ne4 13. c5 dxc5 14. dxc5 Qf6 15.
Bb2 Rad8 16. Qc1 Qg6 17. Nf4 Qh6 18. Nxe4 Bxe4 19. Rxe4 Ne7 20. Qe1 Kf8 21. Rd1
Rb8 22. Rd7 Ng8 23. Be5 g5 24. Nd5 Rbd8 25. Rxd8 Rxd8 26. Nxc7 Bb8 27. Bd6+ Kg7
28. Qc3+ Nf6 29. Re7 Kg8 30. Qf3 Qg6 31. Bf1 h5 32. Bd3 Qh6 33. Bc4 g4 34. Qe3
Qxe3 35. fxe3 Rf8 36. Nd5 Nxd5 37. Bxd5 Bxd6 38. cxd6 b5 39. d7 1-0

[Event "1er Open d'Espalion"]
[Site "Espalion (12)"]
[Date "2016.07.11"]
[Round "3.22"]
[White "Meyer, Bernard"]
[Black "Ausseil, Pascal"]
[Result "0-1"]
[WhiteElo "1354"]
[BlackElo "1399"]
[PlyCount "104"]
[EventDate "2016.??.??"]

1. e4 e5 2. Nf3 Nc6 3. Bb5 Nf6 4. Nc3 a6 5. Ba4 Bb4 6. O-O O-O 7. Re1 d6 8.
Bxc6 bxc6 9. a3 Bc5 10. b4 Bd4 11. Nxd4 exd4 12. Na2 Rb8 13. c3 d3 14. Qf3 Ng4
15. Qxd3 Qh4 16. Qg3 Qh5 17. d4 Re8 18. Bf4 Rb5 19. c4 Rb7 20. Nc3 g5 21. Bd2
f5 22. exf5 Rf8 23. f3 Nh6 24. Qxg5+ Qxg5 25. Bxg5 Nxf5 26. Rad1 Ng7 27. Re7
Nf5 28. Re2 a5 29. Rde1 Bd7 30. g4 Nxd4 31. Kg2 Nxe2 32. Rxe2 axb4 33. axb4
Rxb4 34. Ne4 Kg7 35. c5 Kg6 36. cxd6 cxd6 37. Be7 Rfb8 38. Bxd6 Rb2 39. Rxb2
Rxb2+ 40. Kg3 Rb1 41. Nc5 Rd1 42. Ne4 Be6 43. h4 h5 44. gxh5+ Kxh5 45. Be7 Rg1+
46. Kf4 Rg7 47. Bg5 Rf7+ 48. Ke3 Rc7 49. Nc5 Bh3 50. Kd4 Rf7 51. f4 Rf5 52. Ne6
Rd5+ 0-1

[Event "1er Open d'Espalion"]
[Site "Espalion (12)"]
[Date "2016.07.11"]
[Round "3.23"]
[White "Rollot, Priscillia"]
[Black "Cernavska, Veronica"]
[Result "1-0"]
[WhiteElo "1210"]
[BlackElo "1399"]
[PlyCount "67"]
[EventDate "2016.??.??"]

1. e4 c6 2. Nf3 g6 3. Bc4 Nf6 4. Nc3 b6 5. d4 d6 6. Bf4 Bg7 7. O-O O-O 8. Re1
h6 9. e5 Nd5 10. Nxd5 Bg4 11. Nc3 b5 12. Bb3 b4 13. Ne2 Be6 14. Bxe6 fxe6 15.
Bg3 g5 16. exd6 exd6 17. c3 c5 18. cxb4 cxd4 19. Nexd4 Qe8 20. Rxe6 Qd7 21.
Rxd6 Rd8 22. Rxd7 Rxd7 23. Bxb8 Rxb8 24. Rc1 Kh7 25. Rc4 g4 26. Nh4 Bf6 27. Qd2
Bg5 28. Qd3+ Kh8 29. Nhf5 Rf8 30. Ne6 Rf6 31. Qxd7 Rg6 32. Rc8+ Rg8 33. Rxg8+
Kxg8 34. Qg7# 1-0

[Event "1er Open d'Espalion"]
[Site "Espalion (12)"]
[Date "2016.07.11"]
[Round "3.24"]
[White "Jonker, Jan"]
[Black "Ferraye, Elio"]
[Result "1-0"]
[WhiteElo "1380"]
[BlackElo "1250"]
[PlyCount "141"]
[EventDate "2016.??.??"]

1. d4 d5 2. c4 Nf6 3. Nc3 Bf5 4. Bf4 c6 5. Nf3 e6 6. c5 b6 7. b4 h6 8. e3 Be7
9. Bd3 Bg4 10. h3 Bh5 11. g4 Bg6 12. Bxg6 fxg6 13. Ne5 g5 14. Bg3 h5 15. Qc2
Rh6 16. O-O-O h4 17. Bh2 a5 18. b5 Qc8 19. Ng6 Ng8 20. cxb6 cxb5 21. Bc7 Ba3+
22. Kb1 Qd7 23. Ne5 Qe7 24. Nxb5 Qb4+ 25. Qb3 Qxb3+ 26. axb3 a4 27. Nxa3 Rf6
28. Rd2 axb3 29. Kb2 Ke7 30. Kxb3 Rf8 31. Ng6+ Kf7 32. Nxf8 Kxf8 33. Rc1 Nf6
34. Bd6+ Kg8 35. Rc8+ Kh7 36. f3 Nfd7 37. b7 Ra7 38. Rxb8 Nxb8 39. Rb2 Rxb7+
40. Kc3 Rxb2 41. Kxb2 Na6 42. f4 Kg6 43. Nb5 Kf6 44. Nc7 Nxc7 45. Bxc7 Kg6 46.
Be5 gxf4 47. Bxf4 Kf6 48. Be5+ Kg6 49. Kc2 Kf7 50. Kd2 g5 51. Kd3 Ke7 52. Kc3
Kd7 53. Bf6 Ke8 54. Bxg5 Kf7 55. Bxh4 Kg6 56. Kb4 Kf7 57. Kc5 e5 58. Kxd5 exd4
59. exd4 Ke8 60. Ke6 Kf8 61. d5 Ke8 62. d6 Kf8 63. d7 Kg7 64. d8=Q Kg6 65. g5
Kg7 66. Qf6+ Kh7 67. Qf5+ Kg7 68. g6 Kg8 69. Ke7 Kg7 70. Qf7+ Kh6 71. Qh7# 1-0

[Event "1er Open d'Espalion"]
[Site "Espalion (12)"]
[Date "2016.07.11"]
[Round "3.25"]
[White "Antos, Claude"]
[Black "Bonot, Bernard"]
[Result "0-1"]
[WhiteElo "1050"]
[BlackElo "1374"]
[PlyCount "82"]
[EventDate "2016.??.??"]

1. e4 b6 2. f3 Ba6 3. Nc3 Bxf1 4. Kxf1 e6 5. d4 g6 6. f4 Bg7 7. Nf3 Ne7 8. Ne2
O-O 9. Ng3 Qc8 10. f5 Qa6+ 11. Kf2 exf5 12. exf5 d6 13. f6 Bxf6 14. Bh6 Bg7 15.
Bxg7 Kxg7 16. h4 h5 17. Re1 Nd5 18. b3 Nd7 19. c4 N5f6 20. Re7 Rae8 21. Rxe8
Rxe8 22. Nf5+ gxf5 23. Qc1 Ne4+ 24. Ke3 Ndf6 25. Kf4 Qc8 26. Qg1 Rg8 27. Ke3
Kh6 28. Kd3 Rg3 29. Qe3+ Kh7 30. Ng5+ Kg7 31. Rf1 Rxe3+ 32. Kxe3 Ng4+ 33. Kf4
Kg6 34. Nf3 Qa6 35. Rc1 Qxa2 36. c5 bxc5 37. dxc5 Nxc5 38. Re1 Nd3+ 39. Kg3
Nxe1 40. Nxe1 Qxb3+ 41. Kf4 Qe3# 0-1

[Event "1er Open d'Espalion"]
[Site "Espalion (12)"]
[Date "2016.07.11"]
[Round "4.1"]
[White "Degraeve, Jean-Marc"]
[Black "Degraeve, Remy"]
[Result "1-0"]
[WhiteElo "2579"]
[BlackElo "2015"]
[PlyCount "55"]
[EventDate "2016.??.??"]

1. e4 e5 2. Nf3 Nc6 3. Bc4 Bc5 4. O-O d6 5. c3 Nf6 6. d3 O-O 7. h3 a6 8. Bb3
Ba7 9. Re1 h6 10. Nbd2 Nh5 11. Nf1 Qf6 12. Be3 Nf4 13. d4 h5 14. h4 Bg4 15.
N1h2 Rae8 16. d5 Bxe3 17. fxe3 Nxg2 18. Kxg2 Ne7 19. Nxg4 hxg4 20. Nh2 Ng6 21.
Qxg4 Nxh4+ 22. Kg3 Ng6 23. Nf3 Qe7 24. Rh1 f5 25. Qxg6 f4+ 26. Kg2 fxe3 27. Ng5
Rf2+ 28. Kg3 1-0

[Event "1er Open d'Espalion"]
[Site "Espalion (12)"]
[Date "2016.07.11"]
[Round "4.2"]
[White "Saucey, Michel"]
[Black "Sulava, Nenad"]
[Result "1/2-1/2"]
[WhiteElo "2268"]
[BlackElo "2418"]
[PlyCount "62"]
[EventDate "2016.??.??"]

1. d4 e6 2. c4 b6 3. Nf3 Bb7 4. g3 Bb4+ 5. Bd2 Bxf3 6. exf3 Bxd2+ 7. Qxd2 Nf6
8. Nc3 O-O 9. Bg2 c6 10. O-O d5 11. cxd5 cxd5 12. Rac1 Nbd7 13. Rfd1 a6 14. Ne2
Qb8 15. Nf4 Qb7 16. Nd3 Rfc8 17. b3 a5 18. Qb2 Rxc1 19. Rxc1 Rc8 20. a3 Ne8 21.
f4 Nd6 22. a4 g6 23. Bf1 Rc7 24. Ne5 Nf6 25. Bd3 Qc8 26. Rxc7 Qxc7 27. f3 Nfe8
28. Qc2 Qxc2 29. Bxc2 Kf8 30. Ng4 Ke7 31. Bd3 Nc7 1/2-1/2

[Event "1er Open d'Espalion"]
[Site "Espalion (12)"]
[Date "2016.07.11"]
[Round "4.4"]
[White "Lagunes, Robin"]
[Black "Jarreton, Herve"]
[Result "0-1"]
[WhiteElo "1814"]
[BlackElo "2010"]
[PlyCount "70"]
[EventDate "2016.??.??"]

1. d4 Nf6 2. g3 c5 3. c3 e6 4. Bg2 d5 5. Nf3 Nc6 6. O-O Be7 7. Nbd2 O-O 8. e3
Rb8 9. b3 b5 10. Bb2 a5 11. Re1 c4 12. Qe2 Ba6 13. Ne5 Nxe5 14. dxe5 Nd7 15. f4
Nc5 16. Nf3 cxb3 17. Nd4 b4 18. Qg4 Nd3 19. Nc6 Qb6 20. Nxe7+ Kh8 21. f5 Nxb2
22. f6 g6 23. Qg5 bxc3 24. Qh6 Rg8 25. axb3 Nd3 26. Rf1 c2 27. g4 Nxe5 28. Rfe1
Qxb3 29. Nxg8 Rxg8 30. Rxa5 Qc3 31. Raa1 Nd3 32. Rf1 c1=Q 33. Rxa6 Q3e1 34.
Rxe1 Qxe1+ 35. Bf1 Qf2+ 0-1

[Event "1er Open d'Espalion"]
[Site "Espalion (12)"]
[Date "2016.07.11"]
[Round "4.5"]
[White "Brison, Lucas"]
[Black "Dubois, Martine"]
[Result "1-0"]
[WhiteElo "1856"]
[BlackElo "1967"]
[PlyCount "57"]
[EventDate "2016.??.??"]

1. c4 e5 2. Nc3 Nc6 3. g3 h5 4. h4 d6 5. b3 Bf5 6. Bh3 Nh6 7. Bxf5 Nxf5 8. e3
Qd7 9. Bb2 Nb4 10. d3 Qc6 11. Rh2 Nh6 12. a3 Ng4 13. axb4 Nxh2 14. f3 g5 15.
Nd5 Be7 16. Qe2 gxh4 17. Qxh2 hxg3 18. Qxg3 Qd7 19. Bxe5 Qd8 (19... dxe5 20.
Qxe5) 20. Qg7 Bh4+ 21. Ke2 Rf8 22. Bf6 Bxf6 23. Nxf6+ Ke7 24. Nh3 Qc8 25. Nf4
Rd8 26. N6d5+ Ke8 27. Qg8+ Kd7 28. Qxf7+ Kc6 29. b5+ 1-0

[Event "1er Open d'Espalion"]
[Site "Espalion (12)"]
[Date "2016.07.11"]
[Round "4.6"]
[White "Tagnon, Nicole"]
[Black "Rollot, Florence"]
[Result "1/2-1/2"]
[WhiteElo "1935"]
[BlackElo "1845"]
[PlyCount "95"]
[EventDate "2016.??.??"]

1. e4 d5 2. exd5 Qxd5 3. Nc3 Qa5 4. d4 Nf6 5. Bd2 Bg4 6. Be2 Bxe2 7. Qxe2 Nc6
8. Nf3 O-O-O 9. Qc4 e6 10. O-O Qb4 11. Qxb4 Nxb4 12. Rac1 h6 13. Be3 Nc6 14. a3
g5 15. b4 g4 16. Ne5 Nxe5 17. dxe5 Nh5 18. f4 Ng7 19. Rcd1 Be7 20. Ne4 Nf5 21.
Bf2 b6 22. c4 h5 23. Rfe1 h4 24. c5 Rhg8 25. cxb6 axb6 26. g3 hxg3 27. hxg3 Rh8
28. Rxd8+ Rxd8 29. Rc1 Kb7 30. Kg2 Rd3 31. Rc3 Rd1 32. Rb3 Nd4 33. Bxd4 Rxd4
34. Nf2 Rd2 35. Kf1 c5 36. bxc5 Bxc5 37. Nxg4 Bf8 38. Ne3 Ra2 39. Nc4 Bc5 40.
Ke1 Kc6 41. Nd6 Bxd6 42. exd6 b5 43. Rd3 Kd7 44. Kd1 f6 45. Kc1 Rg2 46. Kb1 e5
47. fxe5 fxe5 48. Rd5 1/2-1/2

[Event "1er Open d'Espalion"]
[Site "Espalion (12)"]
[Date "2016.07.11"]
[Round "4.7"]
[White "Alnakshbandi, Raed"]
[Black "Rollot, Jean-Louis"]
[Result "1-0"]
[WhiteElo "1824"]
[BlackElo "1914"]
[PlyCount "75"]
[EventDate "2016.??.??"]

1. c3 Nf6 2. d4 g6 3. Nd2 Bg7 4. e3 d6 5. f4 c5 6. Bd3 cxd4 7. exd4 O-O 8. Ngf3
Nd5 9. Ne4 Nc6 10. O-O e5 11. fxe5 dxe5 12. Nxe5 Nxe5 13. dxe5 Qb6+ 14. Kh1
Bxe5 15. Bc4 Ne7 16. Rxf7 Be6 17. Bxe6 Qxe6 18. Ng5 Qd5 19. Qxd5 Nxd5 20. Rxf8+
Rxf8 21. Nf3 Bg7 22. Bd2 h6 23. Re1 a6 24. Kg1 g5 25. Nd4 Nb6 26. Ne6 Rf7 27.
Nxg7 Kxg7 28. Be3 Nc4 29. Bd4+ Kh7 30. b3 Nd6 31. g4 Nb5 32. h3 Nc7 33. Kg2 Nd5
34. Re8 Nf4+ 35. Kg3 Rd7 36. h4 Nd5 37. h5 Nxc3 38. Rh8# 1-0

[Event "1er Open d'Espalion"]
[Site "Espalion (12)"]
[Date "2016.07.11"]
[Round "4.8"]
[White "Marazanof, Jean-Francois"]
[Black "Verat-Fayolle, Celian"]
[Result "1-0"]
[WhiteElo "1910"]
[BlackElo "1680"]
[PlyCount "45"]
[EventDate "2016.??.??"]

1. e4 e5 2. Nf3 Nf6 3. Nxe5 d6 4. Nc4 Nxe4 5. d4 Be7 6. Bd3 Nf6 7. O-O O-O 8.
Nbd2 Nc6 9. c3 Bg4 10. Nf3 h6 11. Ne3 Bh5 12. Nf5 Qd7 13. Ng3 Bg4 14. h3 Be6
15. Be3 d5 16. Qd2 Bd6 17. Bxh6 Bxg3 18. Bxg7 Kxg7 19. Qg5+ Kh8 20. Qxf6+ Kg8
21. Qg5+ Kh8 22. Qh6+ Kg8 23. Qh7# 1-0

[Event "1er Open d'Espalion"]
[Site "Espalion (12)"]
[Date "2016.07.11"]
[Round "4.9"]
[White "Carno, Matthias"]
[Black "Mestrallet, Ivan"]
[Result "0-1"]
[WhiteElo "1792"]
[BlackElo "1910"]
[PlyCount "44"]
[EventDate "2016.??.??"]

1. e4 c5 2. Nc3 d6 3. f4 Nc6 4. Nf3 e6 5. Be2 Nf6 6. O-O Be7 7. d3 a6 8. a4 O-O
9. Kh1 Qc7 10. Ng1 Nd4 11. Be3 Nxe2 12. Ngxe2 d5 13. exd5 exd5 14. Bg1 Bd6 15.
Qd2 Re8 16. Nd1 Re7 17. Ne3 Bd7 18. h3 Rae8 19. c3 b5 20. axb5 axb5 21. Rae1 h6
22. g3 Bxh3 0-1

[Event "1er Open d'Espalion"]
[Site "Espalion (12)"]
[Date "2016.07.11"]
[Round "4.10"]
[White "Degraeve, Thomas"]
[Black "Malart, Jacques"]
[Result "0-1"]
[WhiteElo "1905"]
[BlackElo "1687"]
[PlyCount "72"]
[EventDate "2016.??.??"]

1. d4 d5 2. c4 c6 3. cxd5 cxd5 4. Nc3 Nf6 5. Bf4 Nc6 6. e3 Bf5 7. Bb5 e6 8. Nf3
Bb4 9. Qa4 Bxc3+ 10. bxc3 Qb6 11. Nh4 O-O 12. Nxf5 exf5 13. Bxc6 bxc6 14. O-O
Ne4 15. Qc2 Qa5 16. Rfc1 g6 17. Rab1 c5 18. f3 Nf6 19. a4 a6 20. Rb7 Rac8 21.
Bd6 Rfe8 22. Bxc5 Rxe3 23. Kf2 f4 24. g3 Rxc5 25. dxc5 Qxc5 26. Kg2 Qc4 27. Rb2
Nd7 28. Qd2 Ne5 29. Qd4 Re2+ 30. Rxe2 Qxe2+ 31. Qf2 Qxf2+ 32. Kxf2 Nd3+ 33. Ke2
Nxc1+ 34. Kd2 fxg3 35. hxg3 Nb3+ 36. Kc2 Nc5 0-1

[Event "1er Open d'Espalion"]
[Site "Espalion (12)"]
[Date "2016.07.11"]
[Round "4.11"]
[White "Haverlan, Jules"]
[Black "Kohler, Paul"]
[Result "1-0"]
[WhiteElo "1457"]
[BlackElo "1864"]
[PlyCount "101"]
[EventDate "2016.??.??"]

1. e4 e6 2. Qe2 b5 3. Qxb5 Ba6 4. Qb3 Bxf1 5. Kxf1 Nc6 6. c3 Nf6 7. Qc2 d5 8.
exd5 Qxd5 9. Nf3 Qb5+ 10. Kg1 Qe2 11. Qa4 O-O-O 12. h4 Bd6 13. d3 Nd5 14. Nbd2
Ne5 15. Nxe5 Qe1+ 16. Nf1 Bxe5 17. Qe4 Qxe4 18. dxe4 Nf4 19. Bxf4 Bxf4 20. g3
Bh6 21. Nh2 g6 22. Nf3 f6 23. Kg2 Rd6 24. Rhd1 Rhd8 25. Rxd6 Rxd6 26. Kf1 c5
27. Ke2 Kc7 28. Rd1 Rb6 29. b3 a5 30. Nd2 Bxd2 31. Rxd2 a4 32. Rb2 axb3 33.
axb3 f5 34. e5 Kc6 35. Ke3 h6 36. f4 Kc7 37. Kd3 Ra6 38. Kc4 Ra1 39. Rd2 Rg1
40. Rd3 Kc6 41. Rd6+ Kc7 42. Kxc5 Rxg3 43. c4 g5 44. hxg5 hxg5 45. fxg5 f4 46.
Rxe6 Rxg5 47. Re7+ Kd8 48. Rf7 Rxe5+ 49. Kd6 Re4 50. Rf8+ Re8 51. Rxf4 1-0

[Event "1er Open d'Espalion"]
[Site "Espalion (12)"]
[Date "2016.07.11"]
[Round "4.12"]
[White "Gaubert, Cedric"]
[Black "Kedinger, Christian"]
[Result "0-1"]
[WhiteElo "1518"]
[BlackElo "1820"]
[PlyCount "100"]
[EventDate "2016.??.??"]

1. d4 Nf6 2. Nf3 c5 3. c3 b6 4. Bf4 d6 5. h3 g6 6. e3 Bg7 7. Bd3 O-O 8. O-O Bb7
9. Qe2 Nfd7 10. Nbd2 Nc6 11. Rfd1 e5 12. dxe5 Ndxe5 13. Bc2 Qe7 14. Nxe5 Bxe5
15. Bxe5 dxe5 16. Ne4 Rad8 17. Rxd8 Rxd8 18. Rd1 Kg7 19. Rxd8 Qxd8 20. Qd2 Qxd2
21. Nxd2 Kf8 22. Be4 f5 23. Bd5 Na5 24. Bxb7 Nxb7 25. Nf3 e4 26. Ng5 h6 27.
Ne6+ Ke7 28. Nf4 g5 29. Nh5 Nd6 30. g4 fxg4 31. hxg4 Ke6 32. Kf1 Nc4 33. b3 Ne5
34. Ng3 Nxg4 35. Nxe4 Ke5 36. Ng3 Nf6 37. Ke2 Ne4 38. Nxe4 Kxe4 39. f3+ Ke5 40.
Kf2 h5 41. Kg3 b5 42. c4 b4 43. Kh3 Kf5 44. Kg3 a6 45. Kh3 h4 46. Kg2 g4 47. f4
Ke4 48. Kg1 g3 49. Kg2 a5 50. Kh3 Kf3 0-1

[Event "1er Open d'Espalion"]
[Site "Espalion (12)"]
[Date "2016.07.11"]
[Round "4.13"]
[White "Flaujac, Benoit"]
[Black "Lagunes, Jean-Renaud"]
[Result "0-1"]
[WhiteElo "1809"]
[BlackElo "2009"]
[PlyCount "80"]
[EventDate "2016.??.??"]

1. e4 d5 2. exd5 Qxd5 3. Nc3 Qa5 4. d4 Nf6 5. Bc4 Bf5 6. Nf3 c6 7. Bd2 e6 8.
Ne4 Qd8 9. Ng3 Bg4 10. c3 Nbd7 11. h3 Bxf3 12. Qxf3 Be7 13. O-O O-O 14. Rfe1 b5
15. Bb3 Nd5 16. Bc2 Qc7 17. Ne4 N7f6 18. Nxf6+ Bxf6 19. Re4 Rfd8 20. Rg4 Qe7
21. Qe4 g6 22. Bh6 Rd7 23. Qe2 a5 24. Re1 a4 25. a3 Re8 26. g3 Bh8 27. h4 f5
28. h5 fxg4 29. hxg6 Bg7 30. gxh7+ Kh8 31. Bd2 Nf6 32. Kg2 Qf7 33. Bg5 Rd5 34.
Bxf6 Qxf6 35. Qxg4 Rg5 36. Qe4 Rf8 37. Re2 e5 38. d5 cxd5 39. Qxd5 Rh5 40. Qxb5
Qf3+ 0-1